
Library Catalogue

| 000 -LEADER | |
|---|---|
| fixed length control field | 00783cam a22001694a 4500 |
| 005 - DATE AND TIME OF LATEST TRANSACTION | |
| control field | 20260411112926.0 |
| 008 - FIXED-LENGTH DATA ELEMENTS--GENERAL INFORMATION | |
| fixed length control field | 030620s2004 mau b 001 0 eng |
| 020 ## - INTERNATIONAL STANDARD BOOK NUMBER | |
| International Standard Book Number | 0674011554 (hbk) |
| 082 ## - DEWEY DECIMAL CLASSIFICATION NUMBER | |
| Classification number | 330 SHA |
| 100 1# - MAIN ENTRY--PERSONAL NAME | |
| Personal name | Shavell, Steven |
| 245 10 - TITLE STATEMENT | |
| Title | Foundations of economic analysis of law / |
| Statement of responsibility, etc. | Steven Shavell |
| 260 ## - PUBLICATION, DISTRIBUTION, ETC. | |
| Place of publication, distribution, etc. | Cambridge : |
| Name of publisher, distributor, etc. | Belknap Press of Harvard University Press, |
| Date of publication, distribution, etc. | 2004. |
| 300 ## - PHYSICAL DESCRIPTION | |
| Extent | xx, 737 p. ; |
| Dimensions | 25 cm. |
| 505 ## - Contents | |
| Contents | Introduction-<br/>I. Property law -<br/>Ii. Accident -<br/>Iii. Contract law -<br/>Iv. Litigation and the legal process - <br/>V. Public law enforcement and criminal law -<br/>Vi. General structure of the law -<br/>Vii. Welfare economics, morality, and the law -<br/>References -<br/>Author index -<br/>subject index. |
| 650 #0 - SUBJECT ADDED ENTRY--TOPICAL TERM | |
| Topical term or geographic name entry element | Law |
| General subdivision | Economic aspects. |
| 942 ## - ADDED ENTRY ELEMENTS (KOHA) | |
| Source of classification or shelving scheme | Dewey Decimal Classification |
| Koha item type | BOOKs |
| Withdrawn status | Lost status | Source of classification or shelving scheme | Damaged status | Not for loan | Home library | Current library | Shelving location | Date acquired | Total Checkouts | Full call number | Barcode | Date last seen | Date last checked out | Price effective from | Koha item type | Public note |
|---|---|---|---|---|---|---|---|---|---|---|---|---|---|---|---|---|
| Dewey Decimal Classification | NLS | NLS | General Stacks | 30/05/2017 | 3 | 330 SHA | 20113 | 26/01/2023 | 24/01/2023 | 30/05/2017 | BOOKs | Available In The Counter |